[Event "Manila ol (Men)"]
[Site "Manila"]
[Date "1992.??.??"]
[Round "?"]
[White "Ionescu, Constantin"]
[Black "Kuczynski, Robert"]
[Result "1-0"]
[WhiteElo "2465"]
[BlackElo "2500"]

1.d4 d5 2.c4 c6 3.Nf3 Nf6 4.Qc2 dxc4 5.Qxc4 Bf5 6.g3 e6 7.Bg2 Be7 8.O-O O-O
9.e3 Nbd7 10.Qe2 Qa5 11.Nbd2 h6 12.e4 Bh7 13.b3 c5 14.Bb2 Rfd8 15.Rfd1 cxd4
16.Nxd4 Rac8 17.Nc4 Qa6 18.Qe1 e5 19.Nf5 Bxf5 20.exf5 e4 21.Bxe4 b5 22.Na5 Nxe4
23.Qxe4 Bf6 24.Bxf6 Nxf6 25.Rxd8+ Rxd8 26.Qb4 Qc8 27.Qxb5 Qc3 28.Rf1 Qc2
29.Nc6 Rd2 30.a4 Kh7 31.Qc4 Qxf5 32.Qxf7 Qe4 33.Qc4 Qf3 34.b4 Nd5 35.Ne5 Qf5
36.Ng4 Qf3 37.h3 h5 38.Nh2 Qf5 39.b5  1-0

[Event "Capablanca mem-B"]
[Site "Matanzas"]
[Date "1992.??.??"]
[Round "6"]
[White "Arencibia, Walter"]
[Black "Remon, Adelquis"]
[Result "1-0"]
[WhiteElo "2535"]
[BlackElo "2365"]

1.Nf3 d5 2.d4 c6 3.c4 dxc4 4.a4 e6 5.e3 b5 6.b3 Bb4+ 7.Bd2 Bxd2+ 8.Nbxd2 c3
9.Ne4 b4 10.Ne5 Nf6 11.Qf3 O-O 12.Bd3 a5 13.g4 Ba6 14.Bc2 Ra7 15.Rg1 Nxe4
16.Qxe4 f5 17.gxf5 exf5 18.Qf4 Qf6 19.Rg5 Bc8 20.O-O-O Be6 21.Rdg1 c5 22.d5 Bc8
23.Nc4 Nd7 24.Rxg7+ Qxg7 25.Rxg7+ Kxg7 26.Bxf5 Ra6 27.d6 Ra7 28.e4 Kh8 29.Qh4 Nb8
30.Ne5 Bxf5 31.exf5 Kg7 32.d7 Nxd7 33.Qe7+ Kg8 34.Nxd7 Rxf5  1-0

[Event "Alekhine op"]
[Site "Moscow"]
[Date "1992.??.??"]
[Round "?"]
[White "Gleizerov, Evgeny"]
[Black "Maljutin, Evgeni"]
[Result "1-0"]
[WhiteElo "2540"]
[BlackElo "2480"]

1.d4 d5 2.c4 c6 3.Nf3 dxc4 4.e3 b5 5.a4 e6 6.b3 Bb4+ 7.Bd2 Bxd2+ 8.Nfxd2 a5
9.bxc4 b4 10.c5 Ne7 11.Nc4 O-O 12.Bd3 Ba6 13.Nbd2 Nd7 14.Ne4 Bxc4 15.Bxc4 e5
16.O-O exd4 17.exd4 Nf5 18.g4 Qh4 19.Re1 Nh6 20.f3 Kh8 21.Qd2 f5 22.Qg5 Qxg5
23.Nxg5 fxg4 24.fxg4 Rf4 25.Re4 Rxe4 26.Nxe4 Nxg4 27.Nd6 h5 28.Re1 Rb8 29.Bb3 Ngf6
30.Re6 Kh7 31.Nc4 Re8 32.Rxc6 Re1+ 33.Kf2 Rc1 34.Re6 Rc3 35.c6 Nf8 36.Rxf6  1-0

[Event "Moscow-ch"]
[Site "Moscow"]
[Date "1992.??.??"]
[Round "?"]
[White "Frog, Ilya"]
[Black "Dragomarezkij, Evgeni"]
[Result "1/2-1/2"]
[WhiteElo "2370"]
[BlackElo "2435"]

1.Nf3 d5 2.d4 Nf6 3.c4 c6 4.Qc2 e6 5.Nbd2 Nbd7 6.e3 a6 7.b3 Bd6 8.Bb2 Qe7
9.Be2 e5 10.cxd5 Nxd5 11.O-O exd4 12.Nxd4 Ne5 13.Nf5 Bxf5 14.Qxf5 O-O 15.Rac1 Rfe8
16.Nc4 Nxc4 17.Rxc4 g6 18.Qc2 Be5 19.Bf3 Nb4 20.Qe2 Bxb2 21.Qxb2 Nd3 22.Qe2 Red8
23.Rd1 Ne5 24.Rcd4 Rxd4 25.Rxd4 Rd8 26.Rxd8+ Qxd8 27.Be4 Qa5 28.f4 Nd7 29.g4 h6
30.Kf2 g5 31.Bf5 Nf6 32.fxg5 hxg5 33.e4 Qe5 34.Kg2 Nd5 35.Qd2 Nf4+ 36.Kf3 Kg7
37.h4 Nh3 38.hxg5 a5 39.a3 b6 40.Kg2 Nf4+ 41.Kf3  1/2-1/2

[Event "Alekhine op"]
[Site "Moscow"]
[Date "1992.??.??"]
[Round "?"]
[White "Lputian, Smbat G"]
[Black "Smyslov, Vassily"]
[Result "1/2-1/2"]
[WhiteElo "2585"]
[BlackElo "2530"]

1.d4 d5 2.c4 c6 3.Nf3 Nf6 4.Qb3 dxc4 5.Qxc4 Bf5 6.g3 e6 7.Bg2 Nbd7 8.O-O Nb6
9.Qb3 Qd5 10.Qd1 Bxb1 11.Rxb1 Qxa2 12.Bg5 Be7 13.Ne5 O-O 14.Qd3 Qa4 15.Rfc1 Qb4
16.Bxc6 bxc6 17.Nxc6 Qd6 18.e4 Nfd5 19.Bd2 Rfc8 20.exd5 Nxd5 21.Qa6 Qd7 22.b4 Bf6
23.b5 h6 24.Rc2 Kh7 25.Rbc1 Re8 26.Ra2 Bd8 27.Ba5 Bf6 28.Bd2 Bd8 29.Ne5 Qe7
30.Ba5 Bxa5 31.Qxa5 Qg5 32.Qe1 Re7 33.Rc5 Qf5 34.Ra3 Kg8 35.Kg2 Rb7 36.Rf3 Qh7
37.h3 Rf8 38.Nc6 Nf6 39.Qa5 Qb1 40.Qa6 Rd7 41.Qa3 Nd5 42.Qb3 Qe1 43.Qb2 Rb7
44.Qc2 a6 45.Rb3 axb5 46.Rbxb5 Rxb5 47.Rxb5 Qa1 48.Qc5 Qa8 49.Ra5 Qe8 50.Ra7 f6
51.Qd6 Kh7 52.Rd7 Rg8 53.Kh2 f5 54.Rd8 Qg6 55.Rxg8 Kxg8 56.Nd8 f4 57.gxf4 Qe4
58.Nxe6 Kf7 59.Nd8+ Ke8 60.Ne6 Kf7 61.Qd7+ Kf6 62.Nc5 Qxf4+ 63.Kg2 Qg5+ 64.Qg4 Qxg4+
65.hxg4 g6 66.Kg3 Nc3  1/2-1/2

[Event "Moscow rapid"]
[Site "Moscow"]
[Date "1992.??.??"]
[Round "?"]
[White "Moskalenko, Viktor"]
[Black "Sorokin, Maxim"]
[Result "1-0"]
[WhiteElo "2535"]
[BlackElo "2550"]

1.d4 d5 2.c4 c6 3.Nf3 Nf6 4.Qc2 e6 5.g3 b6 6.Bg2 Bb7 7.O-O Nbd7 8.Nc3 dxc4
9.Nd2 e5 10.e3 exd4 11.exd4 Be7 12.Nxc4 O-O 13.Ne3 g6 14.Rd1 Rc8 15.Qb3 Qc7
16.a4 Rfe8 17.Nc4 Nh5 18.Be3 Rcd8 19.Rac1 Qb8 20.d5 cxd5 21.Nxd5 Bf8 22.a5 Nc5
23.Bxc5 bxc5 24.a6 Bxd5 25.Qxb8 Rxb8 26.Bxd5 Nf6 27.Bb7  1-0

[Event "NED-chT"]
[Site "NED"]
[Date "1992.??.??"]
[Round "5"]
[White "Van Gaalen, Bas"]
[Black "Piket, Jeroen"]
[Result "0-1"]
[WhiteElo "2365"]
[BlackElo "2615"]

1.d4 d5 2.c4 dxc4 3.Nf3 c6 4.e3 b5 5.a4 e6 6.Nc3 b4 7.Nb1 Ba6 8.Qc2 Qa5 9.Bd2 Nf6
10.e4 Nbd7 11.e5 Nd5 12.Bxc4 Bxc4 13.Qxc4 Rc8 14.O-O h6 15.Qe2 Be7 16.Na3 O-O
17.Nc4 Qa6 18.a5 c5 19.b3 Rc7 20.Rfd1 Rfc8 21.Rac1 cxd4 22.Nxd4 Nc5 23.Qg4 Nxb3
24.Bxh6 Bf8 25.Rd3 Nxa5 26.Nd6 Qc6 27.Ra1 Rb7 28.Ne8 Nb3 29.Ra4 Qc5 30.Qd1 Nxd4
31.Ra5  0-1

[Event "New York op"]
[Site "New York"]
[Date "1992.??.??"]
[Round "8"]
[White "Martinovsky, Eugene"]
[Black "Feldman, Alexander"]
[Result "1-0"]
[WhiteElo "2335"]
[BlackElo "2210"]

1.d4 Nf6 2.Nf3 d5 3.c4 c6 4.Nbd2 Bf5 5.g3 e6 6.Nh4 dxc4 7.Nxf5 exf5 8.Nxc4 Qd5
9.Qb3 b5 10.Ne5 Qxb3 11.axb3 Bb4+ 12.Bd2 Bxd2+ 13.Kxd2 Ne4+ 14.Ke3 f6 15.Nd3 Kf7
16.f3 Ng5 17.Kf2 Nd7 18.e3 Ne6 19.b4 Nb6 20.Bh3 g6 21.Rhc1 Rhc8 22.g4 f4
23.g5 fxe3+ 24.Kxe3 Nd5+ 25.Kf2 f5 26.Ne5+ Ke7 27.Rxc6 Nxd4 28.Rc5 Nxb4 29.Rxc8 Rxc8
30.Rxa7+ Ke6 31.f4 Nd5 32.Ra6+ Ke7 33.Ra7+ Kd6 34.Ra6+ Kc5 35.Nd3+ Kc4 36.Bf1 Nb4
37.Ra3 Nxd3+ 38.Rxd3 Rd8 39.Rh3+ Kb4 40.Rxh7 Kb3 41.Rb7 b4 42.Rb6 Rg8 43.h4 Nc2
44.Bd3 Kxb2 45.Bxc2 Kxc2 46.Rxb4 Kd3 47.h5 gxh5 48.Kg3 Re8 49.Rb3+ Ke4 50.Rb1 h4+
51.Kxh4 Ra8 52.Rb4+ Kd5 53.g6 Ke6 54.Kg5 Ra5 55.Rb8 Ra1 56.Re8+ Kd7 57.Re5  1-0

[Event "Norresundby op"]
[Site "Norresundby"]
[Date "1992.??.??"]
[Round "4"]
[White "Christensen, Tobias"]
[Black "Jelling, Erik"]
[Result "0-1"]
[WhiteElo "2345"]
[BlackElo "2400"]

1.d4 d5 2.c4 c6 3.Nf3 Nf6 4.Nbd2 Bf5 5.e3 e6 6.Be2 h6 7.O-O Nbd7 8.b3 Bd6
9.Bb2 Qc7 10.c5 Be7 11.b4 Ne4 12.Nxe4 Bxe4 13.Nd2 Bh7 14.f3 O-O 15.e4 a5
16.a3 axb4 17.axb4 Rxa1 18.Bxa1 Qf4 19.Rf2 Ra8 20.g3 Qb8 21.Bc3 Ra2 22.Bd3 Ra3
23.Nb1 Ra8 24.Nd2 Nf6 25.Rf1 b6 26.Qc2 bxc5 27.bxc5 dxe4 28.fxe4 e5 29.Nc4 Nd7
30.Nxe5 Nxe5 31.dxe5 Bxc5+ 32.Kg2 Bg6 33.Bc4 Qe8 34.h3 Rd8 35.Kh2 Bd4 36.Qb3 Bxc3
37.Qxc3 Qd7 38.Qf3 Re8 39.Rd1 Qe7 40.Rd6 Kh7 41.Qf4 Qxe5 42.Qxe5 Rxe5 43.Rxc6 Bxe4
44.Rd6 f5 45.h4 Ra5 46.Rd1 Ra3 47.Bf7 Re3 48.h5 Re2+ 49.Kh3 Bg2+  0-1

[Event "Odorheiu Secuiesc"]
[Site "Odorheiu Secuiesc"]
[Date "1992.??.??"]
[Round "?"]
[White "Ionescu, Constantin"]
[Black "Bach, Adrian"]
[Result "1-0"]
[WhiteElo "2465"]
[BlackElo "2315"]

1.d4 d5 2.c4 c6 3.Nf3 Nf6 4.Qc2 dxc4 5.Qxc4 Bf5 6.g3 e6 7.Bg2 Nbd7 8.O-O Be7
9.e3 O-O 10.Qe2 Rc8 11.Nbd2 c5 12.e4 Bg4 13.h3 Bxf3 14.Nxf3 cxd4 15.Nxd4 Qb6
16.Rd1 e5 17.Nf5 Bc5 18.Be3 Rc7 19.Rd6 Qa5 20.Bxc5 Qxc5 21.Rad1 g6 22.Nh6+ Kg7
23.Qd2 Rc6 24.Qg5 Rxd6 25.Nf5+ Kh8 26.Nxd6 Qc2 27.Qc1 Qa4 28.Qa1 Qc6 29.b3 Ne8
30.Nc4 f6 31.Qc1 Nc5 32.Qa3 Ne6 33.Qe7 N8g7 34.h4 Kg8 35.Rd7 Qc5 36.Nd6 Qc1+
37.Bf1 Qh6 38.Bc4  1-0

[Event "Ostrava op"]
[Site "Ostrava"]
[Date "1992.??.??"]
[Round "4"]
[White "Belov, Igor"]
[Black "Skomorokhin, Roman"]
[Result "1-0"]
[WhiteElo "2435"]
[BlackElo "2310"]

1.Nf3 d5 2.d4 c6 3.c4 dxc4 4.e3 b5 5.a4 e6 6.axb5 cxb5 7.b3 Bb4+ 8.Bd2 Bxd2+
9.Nbxd2 a5 10.bxc4 b4 11.Ne5 Nf6 12.Bd3 O-O 13.O-O Bb7 14.f4 Nbd7 15.c5 Nxe5
16.fxe5 Nd5 17.Nc4 Qg5 18.Qf3 a4 19.e4 Nc3 20.Nd6 Rab8 21.Rf2 f5 22.Bc4 Bxe4
23.Bxe6+ Kh8 24.Qh3 a3 25.Raf1 g6 26.Nf7+ Rxf7 27.Bxf7 Nd5 28.c6 Kg7 29.Bxd5 Bxd5
30.Qd3 Qe7 31.Qa6 Qc7 32.Rc1 Kf7 33.Rc5 Ke6 34.Rxd5 Kxd5 35.Rc2 b3 36.Qc4+ Ke4
37.Re2+ Kf4 38.Qc1+ Kg4 39.h3+ Kh5 40.g4+ Kh4 41.Qh6+ Kg3 42.Re3+  1-0

[Event "Oviedo rapid45"]
[Site "Oviedo"]
[Date "1992.??.??"]
[Round "8"]
[White "Rodriguez Vargas, Orestes"]
[Black "Piket, Jeroen"]
[Result "0-1"]
[WhiteElo "2455"]
[BlackElo "2615"]

1.d4 d5 2.c4 dxc4 3.Nf3 c6 4.e3 b5 5.a4 e6 6.axb5 cxb5 7.b3 Bb4+ 8.Bd2 Bxd2+
9.Nbxd2 a5 10.bxc4 b4 11.Bd3 Nf6 12.O-O O-O 13.Qe2 Nbd7 14.Ra2 Re8 15.Rb1 Bb7
16.Bc2 Qc7 17.h3 Rec8 18.Rba1 e5 19.Bb3 h6 20.Qd1 Re8 21.Ba4 Red8 22.Bb5 exd4
23.exd4 Nb6 24.Qe2 Bxf3 25.Qxf3 Rxd4  0-1

[Event "Pardubice op"]
[Site "Pardubice"]
[Date "1992.??.??"]
[Round "7"]
[White "Korsunsky, Yuri"]
[Black "Janocha, Wieslaw"]
[Result "0-1"]
[WhiteElo "2430"]
[BlackElo "2305"]

1.d4 Nf6 2.c4 c6 3.Nf3 d5 4.Qc2 g6 5.Bf4 Bg7 6.e3 Bf5 7.Qb3 Qb6 8.Nbd2 O-O
9.c5 Qxb3 10.axb3 Nh5 11.Be5 Bxe5 12.Nxe5 f6 13.Nef3 Nd7 14.h3 Ng7 15.b4 a6
16.Nb3 e5 17.Be2 Be4 18.Nfd2 Bxg2 19.Rh2 Be4 20.Nxe4 dxe4 21.Bc4+ Kh8 22.d5 b5
23.Be2 cxd5 24.O-O-O Nb8 25.Rxd5 Nc6 26.Rh1 Nxb4 27.Rd6 Nf5 28.Rb6 Rad8 29.Kb1 Ne7
30.Rc1 Nec6 31.h4 f5 32.Rg1 Rg8 33.Rb7 Rg7 34.Rb6 Rdd7 35.Kc1 Kg8 36.Na1 Rd5
37.Nb3 h6 38.Rh1 Kf8 39.Rg1 Ke8 40.Kb1 Rdd7 41.Na1 Rd2 42.Bd1 Rgd7 43.Bb3 Kf8
44.Kc1 Rxf2 45.Nc2 g5 46.hxg5 hxg5 47.Rh1 Nd3+ 48.Kb1 Nxc5 49.Ba2 Rc7 50.Bd5 Rxc2
51.Bxc6 Rxb2+ 52.Ka1 Rd2 53.Rb8+ Kg7 54.Rhh8 Rxc6 55.Kb1 Nd3  0-1

[Event "Bohemians-B"]
[Site "Prague"]
[Date "1992.??.??"]
[Round "1"]
[White "Matlak, Marek"]
[Black "Trichkov, Vasil"]
[Result "1/2-1/2"]
[WhiteElo "2440"]
[BlackElo "2315"]

1.d4 d5 2.Nf3 Nf6 3.c4 c6 4.Qc2 g6 5.Bf4 Bf5 6.Qb3 Qb6 7.c5 Qxb3 8.axb3 Nbd7
9.Nbd2 a6 10.h3 Bg7 11.b4 O-O 12.e3 Rfe8 13.Nb3 Be4 14.Ne5 Nxe5 15.Bxe5 Nd7
16.Bxg7 Kxg7 17.f3 Bf5 18.g4 Be6 19.Kd2 f6 20.Be2 Bf7 21.f4 e5 22.Rhf1 Re7
23.Bd3 Rae8 24.Rae1 Nf8 25.Re2 Be6 26.Ref2 exd4 27.exd4 Bc8 28.f5 Re3 29.Rf3 Rxf3
30.Rxf3 g5 31.h4 gxh4 32.Rh3 h6 33.Rxh4 Nh7 34.Rh3 Ng5 35.Re3 Rxe3 36.Kxe3 h5
37.gxh5 Kh6 38.Kf4 Kxh5 39.Kg3 Nf7 40.Nd2 Ng5 41.Be2+ Kh6 42.Kg4 Bd7 43.Bd3 Be8
44.Nb3 Bh5+ 45.Kf4 Nf7 46.Nd2  1/2-1/2

[Event "Prague DDM-C"]
[Site "Prague"]
[Date "1992.??.??"]
[Round "3"]
[White "Chloupek, Stanislav"]
[Black "Vokac, Marek"]
[Result "1/2-1/2"]
[WhiteElo "2305"]
[BlackElo "2395"]

1.d4 d5 2.c4 c6 3.Nf3 Nf6 4.Qb3 g6 5.g3 Bg7 6.Bg2 O-O 7.O-O dxc4 8.Qxc4 Na6
9.Nc3 Be6 10.Qa4 Nd5 11.Rd1  1/2-1/2

[Event "Prague DDM-C"]
[Site "Prague"]
[Date "1992.??.??"]
[Round "5"]
[White "Chloupek, Stanislav"]
[Black "Trichkov, Vasil"]
[Result "1-0"]
[WhiteElo "2305"]
[BlackElo "2380"]

1.d4 d5 2.c4 c6 3.Nf3 Nf6 4.Qb3 dxc4 5.Qxc4 Bf5 6.g3 e6 7.Bg2 Nbd7 8.O-O Be7
9.e3 h6 10.Nc3 O-O 11.Qe2 Ne4 12.Nd2 Nd6 13.e4 Bg6 14.Rd1 c5 15.d5 exd5 16.Nxd5 Re8
17.Nc4 Nxe4 18.Bxe4 Bf8 19.Nc3 Bxe4 20.Nxe4 f5 21.Qd3 Rxe4 22.Qd5+ Kh8 23.Be3 Qe8
24.Qxd7 Qxd7 25.Rxd7 Rxc4 26.Rxb7 Rb4 27.Rxb4 cxb4 28.Rd1 a5 29.Rd5 g6 30.Bc5 Bg7
31.b3 a4 32.Rd3 a3 33.Bxb4 Bb2 34.Bc5 Kg7 35.b4 Kf6 36.b5 Rc8 37.Bxa3 Be5
38.Bb4 Rc1+ 39.Kg2 Rb1 40.a3 Ke6 41.b6 g5 42.Rd8  1-0

[Event "Bohemians (Women)"]
[Site "Prague"]
[Date "1992.??.??"]
[Round "6"]
[White "Eretova, Kveta"]
[Black "Buechle, Regina"]
[Result "1/2-1/2"]
[WhiteElo "2130"]
[BlackElo "2020"]

1.d4 d5 2.Nf3 Nf6 3.c4 c6 4.Qc2 e6 5.Nbd2 Bb4 6.g3 Nbd7 7.Bg2 O-O 8.O-O Re8
9.a3 Bxd2 10.Bxd2 Ne4 11.Rfd1 Nxd2 12.Rxd2 Nf6 13.Ne5 Bd7 14.Rb1 Rc8 15.b4 b5
16.c5 Re7 17.a4 a6 18.Ra1 Ne8 19.f4 f6 20.Nf3 Nc7 21.axb5 axb5 22.Qb3 Be8
23.Rda2 Bh5 24.Bh3 Bxf3 25.Qxf3 Rb8 26.Ra7 Qe8 27.e4 Kf8 28.e5 f5 29.Bg2 g6
30.Qa3 Qf7 31.Qa5 Qg7  1/2-1/2

[Event "ROM-ch"]
[Site "?"]
[Date "1992.??.??"]
[Round "12"]
[White "Ionescu, Constantin"]
[Black "Marasescu, Ioan"]
[Result "1/2-1/2"]
[WhiteElo "2480"]
[BlackElo "2350"]

1.d4 d5 2.c4 c6 3.Nf3 Nf6 4.Qc2 dxc4 5.Qxc4 Bf5 6.g3 e6 7.Bg2 Nbd7 8.O-O Be7
9.e3 O-O 10.Qe2 Ne4 11.Nbd2 Nxd2 12.Nxd2 e5 13.e4 Bg6 14.Nb3 exd4 15.Nxd4 Bc5
16.Nb3 Bb6 17.h4 h6 18.h5 Bh7 19.Rd1 Re8 20.Bxh6 gxh6 21.Qg4+ Qg5 22.Qxg5+ hxg5
23.Rxd7 Bxe4 24.Bxe4 Rxe4 25.Kf1 Rae8 26.Rad1 g4 27.Rxb7 R8e5 28.Rbd7 Rxh5
29.Kg2 Bxf2 30.Kxf2 Rh2+ 31.Kg1 Ree2 32.R7d2  1/2-1/2

[Event "ROM-chT"]
[Site "?"]
[Date "1992.??.??"]
[Round "?"]
[White "Vidoniak, Roman"]
[Black "Dominte, Marian"]
[Result "1/2-1/2"]
[WhiteElo "2405"]
[BlackElo "2360"]

1.d4 d5 2.Nf3 Nf6 3.c4 c6 4.Qc2 g6 5.Nc3 Bg7 6.e3 O-O 7.Bd3 c5 8.dxc5 dxc4
9.Bxc4 Qa5 10.Bd2 Qxc5 11.Qb3 Nc6 12.Qb5 Qxb5 13.Bxb5 Nb4 14.O-O Rd8 15.Rad1 a6
16.Bc4 b5 17.Bb3 Nd3 18.Bc1 Bb7 19.Bxf7+ Kxf7 20.Rxd3 Bxf3 21.Rxd8 Rxd8 22.gxf3 b4
23.Rd1 Rc8 24.Ne2 Ne8 25.Nf4 Nd6 26.Nd3 a5 27.e4 Rc2 28.Ne1 Rc6 29.Kf1 a4
30.Nd3 b3 31.axb3 axb3 32.e5 Nf5 33.Bd2 Nd4 34.f4 Rc2 35.Bc3 Nb5 36.Bb4 Bh6
37.Ra1 Nc7 38.Ra7 Nd5 39.Ba3 Rc4 40.Ra5 Nxf4 41.Nxf4 Rxf4 42.Rb5 Rf3 43.Kg2 Rd3
44.Rb7 Bf8  1/2-1/2

[Event "ROM-chT"]
[Site "?"]
[Date "1992.??.??"]
[Round "?"]
[White "Ionescu, Constantin"]
[Black "Urzica, Aurel"]
[Result "0-1"]
[WhiteElo "2465"]
[BlackElo "2370"]

1.d4 d5 2.c4 c6 3.Nf3 Nf6 4.Qc2 dxc4 5.Qxc4 Bf5 6.g3 e6 7.Bg2 Nbd7 8.O-O Be7
9.e3 O-O 10.Qe2 Qb6 11.Nbd2 Ne4 12.Ne5 Nxe5 13.Nxe4 Nd7 14.Nc3 Bg6 15.Rd1 Bf6
16.b3 e5 17.d5 e4 18.Bb2 Nc5 19.Na4 Nxa4 20.Bxf6 gxf6 21.bxa4 cxd5 22.Rxd5 Rfd8
23.Rb5 Qc6 24.Qb2 b6 25.h4 h6 26.h5 Bh7 27.Bh3 Rd3 28.Rc1 Qd6 29.a5 Kg7 30.axb6 axb6
31.Rc2 Ra5 32.Rxa5 bxa5 33.Bg4 Rd1+ 34.Kg2 Rd5 35.Qb7 Bf5 36.Be2 Be6 37.Qb2 Qd7
38.Rc4 Rd2 39.Rc2 Rd5 40.Rc4 Rd2 41.Rc2 Rxe2 42.Rxe2 Bg4  0-1

[Event "EU-ch U20"]
[Site "Sas van Gent"]
[Date "1992.??.??"]
[Round "9"]
[White "Papaioannou, Ioannis"]
[Black "Ceteras, Marius"]
[Result "1-0"]
[WhiteElo "2335"]
[BlackElo "2320"]

1.Nf3 d5 2.d4 Nf6 3.c4 c6 4.Nbd2 e6 5.g3 Nbd7 6.Bg2 Bd6 7.O-O O-O 8.Qc2 e5
9.cxd5 cxd5 10.dxe5 Nxe5 11.Nxe5 Bxe5 12.Nf3 Bc7 13.Bg5 Bb6 14.Rac1 Be6 15.Qd3 d4
16.Rfd1 h6 17.Bf4 Bxa2 18.Nxd4 Bd5 19.e4 Bxd4 20.exd5 Bb6 21.Bf3 Qd7 22.d6 Rac8
23.Rxc8 Rxc8 24.Be5 Bd8 25.h3 Rc5 26.Bd4 Rg5 27.Bxf6 gxf6 28.Kg2 Kg7 29.Bg4 f5
30.Bf3 Rg6 31.Qd4+ Rf6 32.Qd5 b6 33.b4 b5 34.Be2 a6 35.Qc5 Qe6 36.Bf3 Qc4
37.Rd4 Qe6 38.Bb7 a5 39.bxa5 Bxa5 40.Qxb5 Be1 41.d7 Qa2 42.Qf1  1-0

[Event "Alekhine op"]
[Site "Smolensk"]
[Date "1992.??.??"]
[Round "8"]
[White "Gavrilov, Alexei"]
[Black "Svirin, O."]
[Result "1-0"]
[WhiteElo "2415"]
[BlackElo "2335"]

1.d4 d5 2.c4 c6 3.Nf3 Nf6 4.Qc2 e6 5.Bg5 Nbd7 6.e3 Qa5+ 7.Nfd2 Ne4 8.Bh4 g5
9.Bg3 h5 10.f3 Nxg3 11.hxg3 Bd6 12.f4 f5 13.cxd5 cxd5 14.Nc3 Nf6 15.Bd3 Bd7
16.Nf3 g4 17.Ne5 Rc8 18.O-O O-O 19.a3 Kg7 20.Rfc1 Qd8 21.Qb3 Bc6 22.Ne2 Rh8
23.Kf2 Rc7 24.Rh1 Qe7 25.Rac1 Rhc8 26.Rc3 Qe8 27.Rhc1 Qe7 28.R3c2 Qd8 29.Ke1 Qe7
30.Kd2 Qe8 31.Rc3 Qe7 32.R3c2 Qe8 33.Nc3 Qe7 34.Na2 Qe8 35.Rc3 Kg8 36.Nb4 Ba4
37.Qa2 Bb5 38.Rxc7 Rxc7 39.Rxc7 Bxc7 40.Bxf5 exf5 41.Nxd5 Nxd5 42.Qxd5+ Kg7
43.Qxb7 Qb8 44.Qd5 Be8 45.b4 Qb6 46.Nd3 Kf8 47.Qxf5+ Ke7 48.Qh7+ Ke6 49.Ne5 Kf6
50.d5 Qb8 51.Qh6+ Ke7 52.Qg5+  1-0

[Event "BUL-ch sf"]
[Site "Sofia"]
[Date "1992.??.??"]
[Round "2"]
[White "Delchev, Aleksander"]
[Black "Kazakov, Dimitur"]
[Result "1-0"]
[WhiteElo "2430"]
[BlackElo "2320"]

1.d4 Nf6 2.c4 c6 3.Nf3 d5 4.Qc2 e6 5.g3 Bd6 6.Bg2 Nbd7 7.Nbd2 O-O 8.O-O Re8
9.e4 dxe4 10.Ng5 Nf8 11.Ndxe4 Be7 12.Rd1 h6 13.Nxf6+ Bxf6 14.Nf3 Ng6 15.h4 Qa5
16.c5 e5 17.h5 Nf8 18.Bd2 Qc7 19.dxe5 Bxe5 20.Nxe5 Qxe5 21.Re1 Bf5 22.Rxe5 Bxc2
23.Rae1 Rxe5 24.Rxe5 Nd7 25.Re7 Bf5 26.Bf4 a5 27.Bd6 Rc8 28.b3 Be6 29.Be4 b6
30.Rxd7  1-0

[Event "BUL-ch sf"]
[Site "Sofia"]
[Date "1992.??.??"]
[Round "4"]
[White "Delchev, Aleksander"]
[Black "Panbukchian, Valentin"]
[Result "1-0"]
[WhiteElo "2430"]
[BlackElo "2340"]

1.d4 d5 2.Nf3 Nf6 3.c4 c6 4.Qc2 g6 5.Bf4 Bg7 6.e3 O-O 7.Nc3 Na6 8.cxd5 Nb4
9.Qd2 Nbxd5 10.Be5 Bf5 11.Bc4 Bh6 12.O-O Qd7 13.Rfc1 Rfd8 14.Qe2 Nb6 15.Bb3 Nfd5
16.Nxd5 Nxd5 17.e4 Bxc1 18.Rxc1 Be6 19.exd5 Bxd5 20.Bxd5 Qxd5 21.b3 f6 22.Bf4 Kf7
23.h3 Rd7 24.Rc5 Qe6 25.Re5 Qd6 26.Rf5 gxf5 27.Bxd6 Rxd6 28.Qc4+ Rd5 29.Ne1 Rd8
30.Nd3 Rd6 31.Nf4 b5 32.Qe2 Rxd4 33.Qh5+ Kg7 34.Qxf5 Rd2 35.Qe4  1-0

[Event "BUL-ch sf"]
[Site "Sofia"]
[Date "1992.??.??"]
[Round "9"]
[White "Dimitrov, Atanas"]
[Black "Stefanov, Krasimir"]
[Result "1-0"]
[WhiteElo "2275"]
[BlackElo "2405"]

1.d4 d5 2.Nf3 c6 3.c4 Nf6 4.Qc2 g6 5.Bf4 Bg7 6.e3 Na6 7.cxd5 cxd5 8.Nc3 O-O
9.Qb3 Qb6 10.Qxb6 axb6 11.a3 Be6 12.Be2 Nh5 13.Bg5 f6 14.Bh4 Bh6 15.g4 g5
16.gxh5 gxh4 17.Nxh4 Nb4 18.Kd2 Nc6 19.f4 Na5 20.Rag1+ Kh8 21.Rg3 Nc4+ 22.Bxc4 dxc4
23.Rhg1 Rfc8 24.Kc1 Ra5 25.d5 Bd7 26.Rd1 Rg8 27.Rdg1 Rxg3 28.hxg3 Bg4 29.Rh1 f5
30.Re1 Bg7 31.Kd2 Bf6 32.h6 Kg8 33.e4 fxe4 34.Rxe4 Rc5 35.Re3 b5 36.Nf3 Bxf3
37.Rxf3 Bd4 38.g4 Kf7 39.f5 Bf6 40.Kc2 Bd4 41.Rh3 Bxc3 42.Kxc3 Rxd5 43.Re3 Rd6
44.g5 Rd5 45.g6+ hxg6 46.h7 Rd8 47.fxg6+ Kxg6 48.Rxe7 b6 49.Rb7 Rd3+ 50.Kc2 Rh3
51.Rxb6+ Kxh7 52.Rxb5  1-0

[Event "Viernheim"]
[Site "Viernheim"]
[Date "1992.??.??"]
[Round "1"]
[White "Gross, Stefan"]
[Black "Schlindwein, Rolf"]
[Result "0-1"]
[WhiteElo "2370"]
[BlackElo "2225"]

1.d4 d5 2.c4 c6 3.Nf3 Nf6 4.Qb3 g6 5.Nc3 Bg7 6.Bf4 dxc4 7.Qxc4 Qa5 8.Qa4 Qxa4
9.Nxa4 Bg4 10.Nc3 Nh5 11.Be3 Nd7 12.h3 Bxf3 13.exf3 Nb6 14.O-O-O Nf6 15.Bf4 Nfd5
16.Be5 Bxe5 17.dxe5 Nxc3 18.bxc3 Rd8 19.Rxd8+ Kxd8 20.Kc2 Kc7 21.Bd3 Nd5
22.g3 b5 23.a3 Kb6 24.h4 h5 25.c4 Nc7 26.f4 e6 27.cxb5 cxb5 28.Rb1 Rc8 29.a4 Nd5+
30.Kd2 b4 31.Bc2 Kc5 32.Re1 Rd8 33.Kc1 Kc4 34.Kb2 Nc3 35.Bb3+ Kd3 36.Kc1 Ne2+
37.Kb2 Nc3 38.Kc1 a5 39.Re3+ Kd4 40.Kc2 Kc5 41.Re1 Rd4 42.f3 Nd5 43.Re2 Ne7
44.Rg2 Nf5 45.Kb2 Rd3 46.g4 Nd4 47.Bc2 Rxf3 48.gxh5 gxh5 49.Bd1 Rxf4 50.Bxh5 Rxh4
51.Bxf7 Re4 52.Rg8 Re2+ 53.Kc1 b3 54.Rb8 Kc4  0-1

[Event "Werfen op"]
[Site "Werfen"]
[Date "1992.??.??"]
[Round "8"]
[White "Straub, Peter"]
[Black "Pronold, Helmut"]
[Result "1-0"]
[WhiteElo "2230"]
[BlackElo "2315"]

1.d4 d5 2.Nf3 Nf6 3.c4 c6 4.g3 e6 5.Bg2 Be7 6.O-O O-O 7.Qc2 Nbd7 8.Nbd2 b6
9.b3 Bb7 10.Bb2 Rc8 11.Rac1 dxc4 12.Nxc4 c5 13.Qb1 Be4 14.Qa1 Qc7 15.Ncd2 Bxf3
16.Nxf3 Qb8 17.dxc5 Rxc5 18.Nd4 a6 19.Nc6 Qe8 20.Nxe7+ Qxe7 21.Ba3 Rxc1 22.Qxc1 Nc5
23.b4 Na4 24.b5 Nc5 25.bxa6 Qa7 26.Qc4 Nfd7 27.Rc1 Rb8 28.Bc6 Ne5 29.Qb5 Nxc6
30.Qxc6 g6 31.Qd6 Rf8 32.Rxc5 Qxa6  1-0

[Event "Aegina op"]
[Site "Aegina"]
[Date "1993.??.??"]
[Round "4"]
[White "Skalkotas, Nikolaos"]
[Black "Kirov, Nino"]
[Result "1/2-1/2"]
[WhiteElo "2330"]
[BlackElo "2505"]

1.d4 d5 2.Nf3 c6 3.c4 Nf6 4.Qb3 e6 5.g3 dxc4 6.Qxc4 b5 7.Qc2 Bb7 8.Bg2 Nbd7
9.O-O c5 10.a4 a6 11.Bg5 cxd4 12.Nxd4 Rc8 13.Qd1 Bxg2 14.Kxg2 b4 15.Nd2 Be7
16.N2b3 Nc5 17.Nxc5 Rxc5 18.Nf3 Qa8 19.Bxf6 Bxf6 20.Qb3 O-O 21.Rac1 Rfc8
22.Rxc5 Rxc5 23.Qxb4 Rc2 24.b3 Rxe2 25.Rc1 h5 26.Qc4 Rb2 27.Qc8+ Qxc8 28.Rxc8+ Kh7
29.Rc5 h4 30.gxh4 Rxb3 31.Rc6 a5 32.Ra6 Bd8 33.Ne5 Rb7 34.h5 Bg5 35.Ra8 Bf6
36.Rxa5 Bxe5 37.Rxe5 Rb4 38.a5 Ra4 39.Kg3 f6 40.Rxe6 Rxa5  1/2-1/2

[Event "Altensteig-B"]
[Site "Altensteig"]
[Date "1993.??.??"]
[Round "2"]
[White "Panzalovic, Srdjan"]
[Black "Varga, Zoltan"]
[Result "0-1"]
[WhiteElo "2390"]
[BlackElo "2475"]

1.Nf3 d5 2.d4 c6 3.c4 dxc4 4.a4 e6 5.e4 b5 6.b3 Bb4+ 7.Bd2 Bxd2+ 8.Qxd2 Nf6
9.e5 Ne4 10.Qe3 Qa5+ 11.Nfd2 Nxd2 12.Qxd2 Qxd2+ 13.Kxd2 cxb3 14.axb5 cxb5
15.Bxb5+ Bd7 16.Nc3 Nc6 17.Bxc6 Bxc6 18.Rhb1 Bxg2 19.Rxb3 O-O 20.Rba3 f6
21.Rxa7 Rxa7 22.Rxa7 fxe5 23.dxe5 Rxf2+ 24.Ke3 Rc2 25.Ne2 Rc5 26.Kf2 Rxe5
27.Nf4 Bd5 28.Re7 Kf8 29.Nxd5 Rf5+  0-1

[Event "Mephisto-GM-Turnier"]
[Site "Altensteig"]
[Date "1993.??.??"]
[Round "4"]
[White "Gabriel, Christian"]
[Black "Hansen, Lars Bo"]
[Result "1/2-1/2"]
[WhiteElo "2510"]
[BlackElo "2560"]

1.Nf3 d5 2.d4 Nf6 3.c4 c6 4.Qb3 dxc4 5.Qxc4 Bf5 6.g3 e6 7.Bg2 Nbd7 8.O-O Be7
9.Qb3 Nb6 10.Nc3 O-O 11.Rd1 a5 12.a4 Nbd5 13.Ne5 Qc7 14.Re1 Nb4 15.e4 Bg6
16.Bf4 Qb6 17.Be3 Qc7 18.Rac1 Bh5 19.Nb5 Qd8 20.Na3 Nd7 21.Nxd7 Qxd7 22.Nc4 Qd8
23.f3 f6 24.Bf2 Bf7 25.Red1 Rb8 26.Bf1 b6 27.Na3 f5 28.Nc2 fxe4 29.Nxb4 Bxb4
30.fxe4 Rc8 31.e5 Qe7 32.Bh3 Kh8 33.Be3 Bg8 34.Rc2 c5 35.Rdc1 Qd7 36.d5 c4
37.Rxc4 Qxd5 38.Bg2 Qd7 39.Rxc8 Rxc8 40.Rd1 Qc7 41.Rc1  1/2-1/2

[Event "Ano Liosia op"]
[Site "Ano Liosia"]
[Date "1993.??.??"]
[Round "4"]
[White "Skembris, Spyridon"]
[Black "Lirindzakis, Timotheos"]
[Result "1-0"]
[WhiteElo "2545"]
[BlackElo "2400"]

1.d4 d5 2.c4 c6 3.Nf3 Nf6 4.Qc2 dxc4 5.Qxc4 Bf5 6.Nc3 Nbd7 7.e3 e6 8.Nh4 Bg4
9.h3 Bh5 10.g4 Nd5 11.Nf5 Bg6 12.Ng3 Nb4 13.Nce4 Qa5 14.Bd2 Qd5 15.Bxb4 Qxc4
16.Bxc4 Bxb4+ 17.Ke2 Be7 18.f4 Bxe4 19.Nxe4 O-O 20.g5 Rac8 21.Rac1 a6 22.h4 b5
23.Bb3 c5 24.dxc5 Nxc5 25.Nxc5 Bxc5 26.h5 g6 27.Rh3 Kg7 28.Rch1 Rh8 29.Kf3 Bb6
30.R1h2 Ba5 31.a3 Rhe8 32.hxg6 hxg6 33.Rh7+ Kf8 34.f5 gxf5 35.g6 fxg6 36.Ra7 Bc7
37.Bxe6  1-0

[Event "Avoine Ronde op"]
[Site "Avoine"]
[Date "1993.??.??"]
[Round "?"]
[White "Dumitrache, Dragos"]
[Black "Boulanger, Thierry"]
[Result "1-0"]
[WhiteElo "2425"]
[BlackElo "1730"]

1.d4 d5 2.c4 c6 3.Nf3 Nf6 4.Qb3 Qc7 5.g3 e6 6.Bg2 Be7 7.O-O O-O 8.Nc3 b6
9.Bf4 Bd6 10.Ne5 Bxe5 11.dxe5 Nfd7 12.cxd5 cxd5 13.Nxd5  1-0